Czech Republic : Technical Note on Crisis Management and Bank Resolution Framework.

The Czech financial system is confronted with mounting risks that stem mainly from negative developments in the European Union (EU). This technical note focuses on crisis management and bank resolution framework for the Czech Republic. It summarizes the high-level observations of the mission based o...

Πλήρης περιγραφή

Λεπτομέρειες βιβλιογραφικής εγγραφής
Συγγραφή απο Οργανισμό/Αρχή: International Monetary Fund
Μορφή: Επιστημονικό περιοδικό
Γλώσσα:English
Έκδοση: Washington, D.C. : International Monetary Fund, 2012.
Σειρά:IMF Staff Country Reports; Country Report ; No. 2012/173
Διαθέσιμο Online:Full text available on IMF
LEADER 01616cas a2200241 a 4500
001 AALejournalIMF011991
008 230101c9999 xx r poo 0 0eng d
020 |c 5.00 USD 
020 |z 9781475506198 
022 |a 1934-7685 
040 |a BD-DhAAL  |c BD-DhAAL 
110 2 |a International Monetary Fund. 
245 1 0 |a Czech Republic :   |b Technical Note on Crisis Management and Bank Resolution Framework. 
264 1 |a Washington, D.C. :  |b International Monetary Fund,  |c 2012. 
300 |a 1 online resource (31 pages) 
490 1 |a IMF Staff Country Reports 
500 |a <strong>Off-Campus Access:</strong> No User ID or Password Required 
500 |a <strong>On-Campus Access:</strong> No User ID or Password Required 
506 |a Electronic access restricted to authorized BRAC University faculty, staff and students 
520 3 |a The Czech financial system is confronted with mounting risks that stem mainly from negative developments in the European Union (EU). This technical note focuses on crisis management and bank resolution framework for the Czech Republic. It summarizes the high-level observations of the mission based on its key findings and recommendations, and analyzes the existing institutional framework and coordination arrangements for crisis management. The note also examines the cross-border dimension of crisis preparedness and crisis management tools. 
538 |a Mode of access: Internet 
830 0 |a IMF Staff Country Reports; Country Report ;  |v No. 2012/173 
856 4 0 |z Full text available on IMF  |u http://elibrary.imf.org/view/journals/002/2012/173/002.2012.issue-173-en.xml  |z IMF e-Library